[Event "SpeedChess Final 2024"]
[Site "Paris FRA"]
[Date "2024.09.06"]
[Round "1.1"]
[White "Carlsen, Magnus"]
[Black "Niemann, Hans Moke"]
[Result "1-0"]
[WhiteTitle "GM"]
[BlackTitle "GM"]
[WhiteElo "2832"]
[BlackElo "2733"]
[WhiteFideId "1503014"]
[BlackFideId "2093596"]
[EventDate "2024.09.06"]
[EventType "k.o."]

1. b3 d5 2. Nf3 Bf5 3. Bb2 e6 4. g3 Nf6 5. Bg2 h6 6. d3 Be7 7. Nbd2 O-O 8. O-O
a5 9. a3 Bh7 10. c4 Nc6 11. cxd5 exd5 12. Rc1 Re8 13. Re1 Bf8 14. Rc2 Nb8 15.
Qc1 c5 16. Rxc5 Bxc5 17. Qxc5 Nbd7 18. Qb5 Re6 19. Bh3 Rb6 20. Qa4 Nc5 21. Qd4
Nxb3 22. Nxb3 Rxb3 23. Nd2 Rb5 24. Nf1 Qb6 25. Qxb6 Rxb6 26. Bd4 Rb3 27. Ra1 b5
28. Nd2 a4 29. f3 Ne8 30. Nxb3 axb3 31. Rb1 Rxa3 32. Kf2 Nc7 33. Rc1 Ra2 34. Ke3
Ne8 35. Rc8 Kf8 36. Bc5+ 1-0

[Event "SpeedChess Final 2024"]
[Site "Paris FRA"]
[Date "2024.09.06"]
[Round "1.2"]
[White "Niemann, Hans Moke"]
[Black "Carlsen, Magnus"]
[Result "1/2-1/2"]
[WhiteTitle "GM"]
[BlackTitle "GM"]
[WhiteElo "2733"]
[BlackElo "2832"]
[WhiteFideId "2093596"]
[BlackFideId "1503014"]
[EventDate "2024.09.06"]
[EventType "k.o."]

1. e4 e5 2. Nf3 Nc6 3. Bc4 Bc5 4. d3 Nf6 5. O-O d6 6. c3 a6 7. Re1 h6 8. Nbd2
O-O 9. Nf1 Ba7 10. h3 Re8 11. Ng3 Be6 12. Bxe6 Rxe6 13. Qb3 Rb8 14. Be3 Bxe3 15.
Rxe3 d5 16. Rd1 dxe4 17. dxe4 Rd6 18. Ree1 g6 19. Rxd6 cxd6 20. Rd1 Qc7 21. Nd2
b5 22. Ndf1 Kg7 23. Ne3 Ne7 24. Qa3 Rb6 25. Kh2 h5 26. f3 h4 27. Ne2 d5 28. exd5
Rd6 29. c4 e4 30. f4 bxc4 31. Nc3 Nf5 32. Nxf5+ gxf5 33. Kh1 Qb6 34. Na4 Qc7 35.
Nc3 Qb6 36. Na4 Qb8 37. Nc3 Rd8 38. d6 Qb6 39. Ne2 Nh5 40. Qc3+ Kg6 41. Qe5 Qf2
42. Nd4 Ng3+ 43. Kh2 e3 44. Nf3 e2 45. Re1 Nf1+ 46. Kh1 Ng3+ 47. Kh2 Nf1+ 48.
Kh1 Ng3+ 49. Kh2 1/2-1/2

[Event "SpeedChess Final 2024"]
[Site "Paris FRA"]
[Date "2024.09.06"]
[Round "1.3"]
[White "Carlsen, Magnus"]
[Black "Niemann, Hans Moke"]
[Result "1-0"]
[WhiteTitle "GM"]
[BlackTitle "GM"]
[WhiteElo "2832"]
[BlackElo "2733"]
[WhiteFideId "1503014"]
[BlackFideId "2093596"]
[EventDate "2024.09.06"]
[EventType "k.o."]

1. c4 Nf6 2. Nf3 e6 3. g3 d5 4. Bg2 Be7 5. O-O O-O 6. d3 a5 7. Nc3 c6 8. e4 Na6
9. e5 Nd7 10. h4 b6 11. Re1 Bb7 12. cxd5 cxd5 13. d4 Bc6 14. Ng5 b5 15. Qh5 Bxg5
16. Bxg5 Qe8 17. Qg4 Kh8 18. Rac1 Nb6 19. Ne2 Nb4 20. Nf4 Nxa2 21. Nh5 Rg8 22.
Nf6 Qf8 23. Qh5 gxf6 24. Bxf6+ Rg7 25. Rxc6 Nc4 1-0

[Event "SpeedChess Final 2024"]
[Site "Paris FRA"]
[Date "2024.09.06"]
[Round "1.4"]
[White "Niemann, Hans Moke"]
[Black "Carlsen, Magnus"]
[Result "0-1"]
[WhiteTitle "GM"]
[BlackTitle "GM"]
[WhiteElo "2733"]
[BlackElo "2832"]
[WhiteFideId "2093596"]
[BlackFideId "1503014"]
[EventDate "2024.09.06"]
[EventType "k.o."]

1. e4 e5 2. Nf3 Nc6 3. Bc4 Bc5 4. d3 Nf6 5. O-O d6 6. c3 h6 7. Re1 a6 8. Nbd2
O-O 9. Nf1 Re8 10. h3 Ba7 11. Ng3 Be6 12. Bxe6 Rxe6 13. Qb3 Rb8 14. Be3 Bxe3 15.
Rxe3 d5 16. Rd1 dxe4 17. dxe4 Rd6 18. Rxd6 Qxd6 19. Nf5 Qf8 20. Re1 b5 21. Ne3
Rd8 22. Nd5 Nxd5 23. exd5 Na5 24. Qc2 f6 25. Rd1 Qf7 26. Qe4 Nc4 27. b3 Nd6 28.
Qb4 Qh5 29. Rd2 Qf5 30. a4 Qb1+ 31. Kh2 Qe4 32. Qc5 Qf4+ 33. Kh1 e4 34. Rd4 Nf5
35. d6 Rxd6 36. Rxd6 cxd6 37. Qd5+ Kh7 38. Nd4 Nxd4 39. Qxd4 bxa4 40. bxa4 f5
41. Kg1 Qe5 42. Qb6 a5 43. Qe3 f4 44. Qb6 e3 45. fxe3 fxe3 46. Kf1 Qf4+ 47. Ke2
Qf2+ 48. Kd3 Qd2+ 49. Kc4 d5+ 50. Kc5 Qxc3+ 51. Kxd5 Qd3+ 52. Kc5 e2 53. Qxa5
Qe3+ 54. Kd5 e1=Q 0-1

[Event "SpeedChess Final 2024"]
[Site "Paris FRA"]
[Date "2024.09.06"]
[Round "1.5"]
[White "Carlsen, Magnus"]
[Black "Niemann, Hans Moke"]
[Result "0-1"]
[WhiteTitle "GM"]
[BlackTitle "GM"]
[WhiteElo "2832"]
[BlackElo "2733"]
[WhiteFideId "1503014"]
[BlackFideId "2093596"]
[EventDate "2024.09.06"]
[EventType "k.o."]

1. c4 e5 2. g3 Nf6 3. Bg2 c6 4. d4 exd4 5. Qxd4 Na6 6. Nf3 Bc5 7. Qe5+ Be7 8.
O-O O-O 9. Nc3 Re8 10. Qd4 Bb4 11. Bg5 Bxc3 12. bxc3 h6 13. Bxf6 Qxf6 14. Qxf6
gxf6 15. Rfd1 Nc5 16. Nd4 d6 17. Nb3 Nxb3 18. axb3 Rxe2 19. Rxd6 Be6 20. b4 Re8
21. Bf1 Rc2 22. Rxa7 Bc8 23. Rxf6 Rc1 24. Kg2 Rxf1 25. Rxh6 Rfe1 26. b5 Kg7 27.
Rh4 cxb5 28. cxb5 Bf5 29. Rf4 Be4+ 30. f3 Bd5 31. c4 R1e2+ 32. Kg1 Be6 33. g4
Rd8 34. Ra1 Rdd2 35. h4 Rg2+ 36. Kf1 Rh2 37. Kg1 Rdg2+ 38. Kf1 Rc2 39. Kg1 Rxh4
40. Ra7 Rhh2 0-1

[Event "SpeedChess Final 2024"]
[Site "Paris FRA"]
[Date "2024.09.06"]
[Round "1.6"]
[White "Niemann, Hans Moke"]
[Black "Carlsen, Magnus"]
[Result "0-1"]
[WhiteTitle "GM"]
[BlackTitle "GM"]
[WhiteElo "2733"]
[BlackElo "2832"]
[WhiteFideId "2093596"]
[BlackFideId "1503014"]
[EventDate "2024.09.06"]
[EventType "k.o."]

1. e4 e5 2. Nf3 Nc6 3. Bc4 Bc5 4. d3 Nf6 5. c3 d6 6. O-O h6 7. Re1 a6 8. Nbd2
O-O 9. Nf1 Ba7 10. h3 Re8 11. Bd2 Be6 12. Bxe6 Rxe6 13. c4 Nd4 14. Ng3 b5 15.
Bc3 bxc4 16. dxc4 Nxf3+ 17. Qxf3 Nd7 18. Nf5 Rf6 19. Qe2 Kh7 20. Rad1 a5 21. Kh1
g6 22. Ne3 Re6 23. Rf1 Bxe3 24. Qxe3 g5 25. b3 c5 26. Rd2 Ra6 27. g3 Qe7 28. Kg2
Nb8 29. Rd5 Nc6 30. Qd2 Nd4 31. Qd3 Ra8 32. Bxd4 cxd4 33. Rc1 Kg7 34. a3 Qb7 35.
Rb1 Rf6 36. Qe2 Qc6 37. Rb2 Ra7 38. Qd3 Ra8 39. Rc2 Qb7 40. Rb5 Qc6 41. c5 d5
42. Rb6 dxe4 43. Qc4 Qc8 44. Rxf6 Kxf6 45. Qd5 d3 46. Rc4 Qd8 47. Qxe4 d2 48.
Qf3+ Kg7 49. Qd1 Qd5+ 50. Kg1 a4 51. Rc2 axb3 52. Rxd2 Qc4 53. Rd7 Rxa3 54. Rd6
b2 55. Qf3 Rxf3 0-1

[Event "SpeedChess Final 2024"]
[Site "Paris FRA"]
[Date "2024.09.06"]
[Round "1.7"]
[White "Carlsen, Magnus"]
[Black "Niemann, Hans Moke"]
[Result "1/2-1/2"]
[WhiteTitle "GM"]
[BlackTitle "GM"]
[WhiteElo "2832"]
[BlackElo "2733"]
[WhiteFideId "1503014"]
[BlackFideId "2093596"]
[EventDate "2024.09.06"]
[EventType "k.o."]

1. Nf3 d5 2. g3 Nf6 3. Bg2 Bf5 4. c4 c6 5. Qb3 Qb6 6. d3 e6 7. Be3 Qa6 8. Nc3
Nbd7 9. cxd5 exd5 10. O-O Be7 11. Qc2 O-O 12. a3 c5 13. Nh4 Be6 14. d4 Rfc8 15.
Rfd1 Bf8 16. h3 cxd4 17. Bxd4 Ne4 18. Qd3 Qxd3 19. exd3 Nxc3 20. Bxc3 Nc5 21.
Nf3 Nb3 22. Rab1 Bxa3 23. Bxg7 Kxg7 24. bxa3 Rc3 25. Nh4 b5 26. f4 Rd8 27. d4 a5
28. f5 Bc8 29. g4 h6 30. Rb2 a4 31. Nf3 Re8 32. Kf2 Ba6 33. Ne5 Nxd4 34. f6+ Kg8
35. Rxd4 Rxe5 36. Bxd5 Rxh3 37. Rbd2 Rh2+ 38. Kg3 Rxd2 39. Rxd2 Bc8 40. Kf4 Rg5
41. Bf3 Kh8 42. Rh2 Rg6 43. g5 Kg8 44. Rd2 Kh8 45. Rh2 Kg8 46. Be4 Rxg5 47. Rd2
Kh8 48. Rh2 Rg4+ 49. Ke5 Rg5+ 50. Kf4 Rg4+ 51. Ke5 Rg5+ 52. Kf4 1/2-1/2

[Event "SpeedChess Final 2024"]
[Site "Paris FRA"]
[Date "2024.09.06"]
[Round "1.8"]
[White "Niemann, Hans Moke"]
[Black "Carlsen, Magnus"]
[Result "0-1"]
[WhiteTitle "GM"]
[BlackTitle "GM"]
[WhiteElo "2733"]
[BlackElo "2832"]
[WhiteFideId "2093596"]
[BlackFideId "1503014"]
[EventDate "2024.09.06"]
[EventType "k.o."]

1. e4 e5 2. Nf3 Nc6 3. Bc4 Bc5 4. d3 Nf6 5. c3 d6 6. O-O h6 7. Re1 a6 8. Nbd2
O-O 9. Nf1 Ba7 10. h3 Re8 11. Bd2 Be6 12. Bxe6 Rxe6 13. c4 Nd4 14. Ng3 b5 15.
Bc3 bxc4 16. dxc4 Nxf3+ 17. Qxf3 Bd4 18. Nf5 c5 19. Bd2 Kh7 20. Rab1 a5 21. b3
Qd7 22. a3 Ng8 23. Qd3 Ne7 24. Nxd4 exd4 25. f4 Nc6 26. b4 axb4 27. axb4 cxb4
28. Bxb4 Kg8 29. Bd2 Rae8 30. f5 Re5 31. Bf4 Rc5 32. Rb5 Ne5 33. Qg3 f6 34. Bxh6
Rxc4 35. Rb3 Rc3 36. Rxc3 dxc3 37. Rc1 Rc8 38. Bf4 Qa4 39. Bxe5 dxe5 40. Kh2
Qxe4 41. Rxc3 Rxc3 42. Qxc3 Qxf5 43. Qc4+ Kh7 44. Qh4+ Kg6 45. Qg3+ Kf7 46. Qb3+
Qe6 47. Qb7+ Kg6 48. Qe4+ f5 49. Qe3 e4 50. h4 Qd6+ 51. g3 Kf7 52. Qa7+ Kf6 53.
Qe3 Ke6 54. Kh3 Qd1 55. Qb6+ Kf7 56. Qb7+ Kg6 57. Qc6+ Kh7 58. Kh2 Qe2+ 59. Kh3
Qf1+ 60. Kh2 Qf2+ 61. Kh3 Qg1 0-1

[Event "SpeedChess Final 2024"]
[Site "Paris FRA"]
[Date "2024.09.06"]
[Round "1.9"]
[White "Carlsen, Magnus"]
[Black "Niemann, Hans Moke"]
[Result "1-0"]
[WhiteTitle "GM"]
[BlackTitle "GM"]
[WhiteElo "2832"]
[BlackElo "2733"]
[WhiteFideId "1503014"]
[BlackFideId "2093596"]
[EventDate "2024.09.06"]
[EventType "k.o."]

1. e4 c5 2. Nf3 d6 3. Bc4 Nf6 4. d3 e6 5. Bb3 Be7 6. O-O O-O 7. a4 b6 8. c3 Bb7
9. Re1 Nbd7 10. Nbd2 Ne5 11. Bc2 Rc8 12. Nxe5 dxe5 13. Nc4 Qc7 14. Qf3 a6 15.
Qg3 b5 16. axb5 axb5 17. Ne3 c4 18. Ng4 Nxg4 19. Qxg4 f5 20. exf5 exf5 21. Qh3
cxd3 22. Bxd3 e4 23. Bxb5 Qb6 24. Bd7 Bc5 25. Be3 Bxe3 26. Qxe3 Qxe3 27. fxe3
Rcd8 28. Be6+ Kh8 29. Red1 g6 30. Bc4 g5 31. Kf2 f4 32. b4 Rc8 33. Rd4 Rfd8 34.
Rad1 Rf8 35. b5 Rc5 36. Rd8 Rxd8 37. Rxd8+ Kg7 38. Be2 Kf6 39. c4 Bc8 40. Rf8+
Ke7 41. Rh8 Bf5 42. b6 Bc8 43. b7 Bxb7 44. Rxh7+ 1-0

[Event "SpeedChess Final 2024"]
[Site "Paris FRA"]
[Date "2024.09.06"]
[Round "1.10"]
[White "Niemann, Hans Moke"]
[Black "Carlsen, Magnus"]
[Result "1-0"]
[WhiteTitle "GM"]
[BlackTitle "GM"]
[WhiteElo "2733"]
[BlackElo "2832"]
[WhiteFideId "2093596"]
[BlackFideId "1503014"]
[EventDate "2024.09.06"]
[EventType "k.o."]

1. e4 e5 2. Nf3 Nc6 3. Bc4 Bc5 4. d3 Nf6 5. c3 d6 6. O-O h6 7. Re1 a6 8. Nbd2
O-O 9. Nf1 Ba7 10. Ng3 Re8 11. Bd2 Be6 12. Bxe6 Rxe6 13. c4 Nd7 14. b4 Nd4 15.
Nxd4 Bxd4 16. Rb1 b5 17. Nf5 c5 18. a4 bxc4 19. dxc4 cxb4 20. Bxb4 Bc5 21. Bxc5
Nxc5 22. a5 Qxa5 23. Qg4 Rg6 24. Ne7+ Kh7 25. Nxg6 fxg6 26. Qd1 Qc7 27. Qd5 Rf8
28. Red1 Rf6 29. h4 a5 30. Rb5 a4 31. Rdb1 a3 32. Qa8 Qf7 33. Rb8 g5 34. h5 g6
35. Rh8+ Kg7 36. Rbb8 Qxc4 37. Rbg8+ 1-0

[Event "SpeedChess Final 2024"]
[Site "Paris FRA"]
[Date "2024.09.06"]
[Round "1.11"]
[White "Carlsen, Magnus"]
[Black "Niemann, Hans Moke"]
[Result "1-0"]
[WhiteTitle "GM"]
[BlackTitle "GM"]
[WhiteElo "2832"]
[BlackElo "2733"]
[WhiteFideId "1503014"]
[BlackFideId "2093596"]
[EventDate "2024.09.06"]
[EventType "k.o."]

1. e4 c5 2. Nf3 d6 3. Bb5+ Nd7 4. c3 Nf6 5. Qe2 a6 6. Ba4 b5 7. Bc2 Bb7 8. O-O
e6 9. d4 Qc7 10. Bd3 Be7 11. Nbd2 Rc8 12. a4 c4 13. Bc2 e5 14. Rd1 O-O 15. Nf1
Rfe8 16. d5 Nc5 17. h3 bxa4 18. Bxa4 Nxa4 19. Rxa4 a5 20. Bg5 Nd7 21. Be3 f5 22.
exf5 Nf6 23. Ng3 Nxd5 24. Rda1 Bf8 25. Rxa5 Nf4 26. Qd1 Nd3 27. Ng5 Qc6 28. N3e4
h6 29. Qg4 hxg5 30. Nxg5 Be7 31. Ne6 Bf6 32. Bg5 Bxg5 33. Qxg5 Re7 34. Ra6 Qd7
35. Rb6 Bc6 36. Raa6 Nf4 37. Rxc6 Rxc6 38. Rxc6 Nxe6 39. fxe6 Qxe6 40. Rxc4 Qxc4
41. Qxe7 Qd5 42. Qe8+ Kh7 43. Qh5+ Kg8 44. Qe2 e4 45. b4 Qe5 46. Qc4+ d5 47. Qd4
Qe6 48. b5 1-0

[Event "SpeedChess Final 2024"]
[Site "Paris FRA"]
[Date "2024.09.06"]
[Round "1.12"]
[White "Niemann, Hans Moke"]
[Black "Carlsen, Magnus"]
[Result "1-0"]
[WhiteTitle "GM"]
[BlackTitle "GM"]
[WhiteElo "2733"]
[BlackElo "2832"]
[WhiteFideId "2093596"]
[BlackFideId "1503014"]
[EventDate "2024.09.06"]
[EventType "k.o."]

1. e4 c5 2. Nf3 e6 3. b3 a6 4. Bb2 d5 5. exd5 exd5 6. Qe2+ Be6 7. g3 Nc6 8. Bg2
Nf6 9. Ng5 Qe7 10. Nxe6 Qxe6 11. Qxe6+ fxe6 12. Nc3 Bd6 13. O-O-O Kf7 14. f4 Nd4
15. Rde1 h5 16. Bh3 Rae8 17. Rhf1 b5 18. Ne2 Nf5 19. Ng1 Ng4 20. Nf3 Rh6 21. Re2
Ke7 22. Ng5 Kd7 23. Rfe1 Re7 24. Nf3 c4 25. Kb1 Rh8 26. Ng5 Rhe8 27. Nf3 g6 28.
Bg2 a5 29. Bh1 a4 30. bxa4 bxa4 31. a3 Rb8 32. Ka2 Rb6 33. Bc3 Bc5 34. Rf1 Kc8
35. Bg2 Kd7 36. Bh3 Bd6 37. Rfe1 Re8 38. Ng5 Bc5 39. Nf3 Bd6 40. Bf1 Bc5 41. Bg2
Bd6 42. Ra1 Bc5 43. Ree1 Bd6 44. Re2 Bc5 45. Bh3 Bd6 46. Rae1 Bc7 47. Bb4 Bd6
48. c3 Bc7 49. Kb2 e5 50. fxe5 Nxe5 51. Nxe5+ 1-0

[Event "SpeedChess Final 2024"]
[Site "Paris FRA"]
[Date "2024.09.06"]
[Round "1.13"]
[White "Carlsen, Magnus"]
[Black "Niemann, Hans Moke"]
[Result "1-0"]
[WhiteTitle "GM"]
[BlackTitle "GM"]
[WhiteElo "2832"]
[BlackElo "2733"]
[WhiteFideId "1503014"]
[BlackFideId "2093596"]
[EventDate "2024.09.06"]
[EventType "k.o."]

1. e4 c5 2. Nf3 d6 3. Bb5+ Nd7 4. a4 Nf6 5. Nc3 g6 6. a5 Bg7 7. a6 O-O 8. O-O
Qc7 9. Re1 bxa6 10. Bxa6 Bxa6 11. Rxa6 c4 12. d4 cxd3 13. cxd3 Qb7 14. Ra3 Rfc8
15. h3 Nc5 16. Qe2 Rab8 17. d4 Ncxe4 18. Nxe4 Nxe4 19. Bf4 Nf6 20. Qxe7 Qxe7 21.
Rxe7 Nd5 22. Bxd6 Nxe7 23. Bxe7 Bf8 24. Bxf8 Kxf8 25. Rxa7 Rc1+ 26. Kh2 Rxb2 27.
Ne5 Rcc2 28. Rxf7+ Kg8 29. Kg3 Rc3+ 30. Kh2 Rd2 31. Rf4 g5 32. Rf5 Rxd4 33.
Rxg5+ Kf8 34. Rf5+ Ke8 35. Ng4 Rd6 36. Nf6+ Ke7 37. Ne4 1-0

[Event "SpeedChess Final 2024"]
[Site "Paris FRA"]
[Date "2024.09.06"]
[Round "1.14"]
[White "Niemann, Hans Moke"]
[Black "Carlsen, Magnus"]
[Result "1/2-1/2"]
[WhiteTitle "GM"]
[BlackTitle "GM"]
[WhiteElo "2733"]
[BlackElo "2832"]
[WhiteFideId "2093596"]
[BlackFideId "1503014"]
[EventDate "2024.09.06"]
[EventType "k.o."]

1. e4 e5 2. Nf3 Nc6 3. Bc4 Bc5 4. d3 Nf6 5. c3 d6 6. O-O h6 7. Re1 a5 8. Nbd2
O-O 9. Nf1 Be6 10. Bb5 Ba7 11. Ng3 Ne7 12. d4 Ng6 13. h3 c6 14. Bd3 a4 15. Be3
Re8 16. Qd2 Qe7 17. b4 axb3 18. axb3 Bb6 19. Rxa8 Rxa8 20. Nf5 Qf8 21. c4 exd4
22. N3xd4 Bxf5 23. exf5 Ne5 24. Bb1 Re8 25. Qd1 Ned7 26. b4 Ne5 27. Ba2 d5 28.
Ne6 fxe6 29. Bxb6 Nxc4 30. Bxc4 dxc4 31. Rxe6 Qxb4 32. Rxe8+ Nxe8 33. Qd8 Qe1+
34. Kh2 Qe5+ 35. g3 Kf7 36. Qd7+ Qe7 37. Qd4 Nd6 38. Bc5 Nxf5 39. Qxc4+ Qe6 40.
Qf4 Kg8 41. Qb8+ Kh7 42. Qxb7 Qd5 43. Qa7 Qe4 44. Qf7 Qd5 45. Qxd5 cxd5 46. Kg2
h5 47. Kf3 Kg6 48. g4 hxg4+ 49. hxg4 Nh6 50. Kf4 Nf7 51. Bd4 Nd8 52. Bb2 Ne6+
53. Ke5 Kf7 54. Kxd5 g6 55. Ke5 Ng5 56. f4 Ne6 57. f5 gxf5 58. gxf5 Ng7 59. f6
Nh5 60. Kf5 Nxf6 1/2-1/2

[Event "SpeedChess Final 2024"]
[Site "Paris FRA"]
[Date "2024.09.06"]
[Round "1.15"]
[White "Carlsen, Magnus"]
[Black "Niemann, Hans Moke"]
[Result "1-0"]
[WhiteTitle "GM"]
[BlackTitle "GM"]
[WhiteElo "2832"]
[BlackElo "2733"]
[WhiteFideId "1503014"]
[BlackFideId "2093596"]
[EventDate "2024.09.06"]
[EventType "k.o."]

1. e4 c5 2. c3 Nf6 3. e5 Nd5 4. Nf3 d6 5. d4 cxd4 6. Bc4 e6 7. cxd4 Nc6 8. O-O
Nb6 9. Bd3 Nb4 10. Be4 d5 11. Bd3 Nxd3 12. Qxd3 Be7 13. Nc3 Bd7 14. b3 O-O 15.
Ne2 Rc8 16. a4 Qc7 17. Bg5 Bxg5 18. Nxg5 Qc2 19. Qe3 Qg6 20. Rfc1 Rxc1+ 21. Rxc1
Rc8 22. h4 h6 23. Nf3 Rc6 24. Rxc6 Bxc6 25. Qc3 Nd7 26. g3 Qe4 27. Nf4 Nf8 28.
Nd2 Qe1+ 29. Kg2 Bd7 30. Nd3 Qd1 31. Nf3 Qe2 32. Nc5 Bc6 33. Qd2 Qxd2 34. Nxd2
a5 35. h5 f6 36. g4 fxe5 37. dxe5 g6 38. Kg3 gxh5 39. gxh5 b6 40. Nd3 Be8 41.
Nf4 Nd7 42. Nxe6 Nxe5 43. f4 Nd3 44. Nc7 Bf7 45. Na8 d4 46. Nxb6 Bxh5 47. Nbc4
Bf7 48. Nxa5 h5 49. Nc6 Kg7 50. a5 Bd5 51. Nxd4 Kf6 52. N2f3 Nc5 53. b4 Ne4+ 54.
Kh4 Nf2 55. a6 Nd3 56. b5 Nxf4 57. b6 Ng6+ 58. Kxh5 Nf8 59. b7 Nd7 60. Kh4 Be4
61. Kg3 Bd5 62. Kf4 Ke7 63. Ne5 1-0

[Event "SpeedChess Final 2024"]
[Site "Paris FRA"]
[Date "2024.09.06"]
[Round "1.16"]
[White "Niemann, Hans Moke"]
[Black "Carlsen, Magnus"]
[Result "1/2-1/2"]
[WhiteTitle "GM"]
[BlackTitle "GM"]
[WhiteElo "2733"]
[BlackElo "2832"]
[WhiteFideId "2093596"]
[BlackFideId "1503014"]
[EventDate "2024.09.06"]
[EventType "k.o."]

1. c4 e5 2. g3 Nf6 3. Bg2 h6 4. Nc3 Bb4 5. e4 Nc6 6. Nge2 Bc5 7. h3 d6 8. d3 a5
9. O-O Nh7 10. Kh2 Nf8 11. f4 Ne6 12. Nd5 Bd7 13. Bd2 Nb4 14. Bc3 Nc6 15. a3 a4
16. Bd2 h5 17. f5 Ned4 18. Nec3 Nb3 19. Nb5 Rc8 20. Rb1 Nxd2 21. Qxd2 Nd4 22.
Nxd4 Bxd4 23. f6 g6 24. Ne7 Ra8 25. Qg5 Be6 26. Nf5 gxf5 27. exf5 Bc8 28. Rbe1
c6 29. Re4 Kd7 30. Qg7 Qe8 31. Rfe1 Rg8 32. Rxd4 Rxg7 33. fxg7 f6 34. c5 Qg8 35.
Rxd6+ Kc7 36. Rxf6 Qxg7 37. Rg6 Qh7 38. Be4 Bd7 39. f6 Rf8 40. Rf1 Qf7 41. Rg7
Qb3 42. Rf2 Rf7 43. Rxf7 Qxf7 44. Bg6 Qf8 45. f7 h4 46. gxh4 Be6 47. h5 Kb8 48.
h6 Bxf7 49. h7 Qh6 50. Rxf7 Ka7 51. Be4 Qd2+ 52. Kh1 Qc1+ 53. Kg2 Qg5+ 54. Kf1
Qc1+ 55. Kf2 Qh6 56. Ke2 Qxh3 57. Kd2 Qh2+ 58. Kc3 Qh6 59. Kb4 Qc1 60. Kxa4 Qxb2
61. Bxc6 Qc2+ 62. Kb4 Qb2+ 63. Kc4 Qa2+ 64. Kc3 Qxa3+ 65. Kd2 Qa2+ 66. Ke3 Qxf7
67. h8=Q Qf4+ 68. Ke2 bxc6 69. Qd8 Qg4+ 70. Ke1 Qb4+ 71. Ke2 Qxc5 72. Qc7+ Ka6
73. Qc8+ Kb5 74. Qb7+ Ka4 75. Qa6+ Kb3 76. Qb7+ Kc2 77. Qa6 Qb5 78. Qa2+ Kc3 79.
Qa3+ Kc2 80. Qa2+ Kc3 81. Qa3+ Kc2 82. Qa2+ 1/2-1/2

[Event "SpeedChess Final 2024"]
[Site "Paris FRA"]
[Date "2024.09.06"]
[Round "1.17"]
[White "Carlsen, Magnus"]
[Black "Niemann, Hans Moke"]
[Result "0-1"]
[WhiteTitle "GM"]
[BlackTitle "GM"]
[WhiteElo "2832"]
[BlackElo "2733"]
[WhiteFideId "1503014"]
[BlackFideId "2093596"]
[EventDate "2024.09.06"]
[EventType "k.o."]

1. e4 c5 2. Nf3 d6 3. d4 cxd4 4. Qxd4 Nf6 5. h3 Nc6 6. Qe3 g6 7. Be2 Bg7 8. O-O
O-O 9. Rd1 b6 10. c4 Bb7 11. Nc3 Qc7 12. Rb1 a6 13. b3 e6 14. Ba3 Rfd8 15. Rd2
Ne5 16. Rbd1 Nxf3+ 17. Bxf3 Ne8 18. Na4 b5 19. Nb6 Rab8 20. cxb5 axb5 21. Rc1
Qe7 22. Bb4 Qh4 23. Rcd1 Bh6 24. Qd4 Bxd2 25. Rxd2 e5 26. Qe3 Qf4 27. Qxf4 exf4
28. Ba5 h5 29. Nd5 Rd7 30. Nxf4 Nf6 31. Rd4 Re8 32. Rb4 Bxe4 33. Rxb5 Bxf3 34.
gxf3 d5 35. Nd3 d4 36. Bb6 Nd5 37. Bc5 Nc3 38. Ra5 Re2 39. Kg2 Kh7 40. a4 Rd2
41. Ne5 Rd5 42. Nc4 Ra2 43. h4 d3 44. Bb4 Rxa5 45. Bxa5 Nd1 46. Be1 Nb2 47. Ne5
Kg8 48. a5 Ra1 49. Bb4 Rc1 50. f4 Rc2 51. a6 d2 52. a7 d1=Q 53. a8=Q+ Kh7 54.
Qf8 Qd5+ 55. Kg3 Rc1 56. Qxf7+ Qxf7 57. Nxf7 Nd3 58. Bd2 Rb1 59. Be3 Rxb3 60.
Ne5 Nb4 61. Kf3 Nd5 62. Ke4 Ne7 63. Nf3 Nf5 64. Nd4 Rb4 65. Ke5 Nxh4 66. f5 Nxf5
67. Nxf5 Rb5+ 0-1

[Event "SpeedChess Final 2024"]
[Site "Paris FRA"]
[Date "2024.09.06"]
[Round "1.18"]
[White "Niemann, Hans Moke"]
[Black "Carlsen, Magnus"]
[Result "0-1"]
[WhiteTitle "GM"]
[BlackTitle "GM"]
[WhiteElo "2733"]
[BlackElo "2832"]
[WhiteFideId "2093596"]
[BlackFideId "1503014"]
[EventDate "2024.09.06"]
[EventType "k.o."]

1. e4 g6 2. d4 d6 3. Nc3 c6 4. Nf3 Nf6 5. a4 Bg7 6. Be2 O-O 7. O-O Nbd7 8. Be3
Qc7 9. h3 b6 10. Qd2 Bb7 11. Rfd1 a6 12. Bf4 e5 13. dxe5 dxe5 14. Be3 Rfe8 15.
Bc4 b5 16. Bb3 b4 17. Ng5 bxc3 18. Bxf7+ Kh8 19. Qxc3 Re7 20. Bb3 h6 21. Ne6
Rxe6 22. Bxe6 Nf8 23. Bb3 Nxe4 24. Qd3 Nf6 25. a5 Nd5 26. c4 Nxe3 27. Qxe3 c5
28. Ba4 e4 29. Bc2 Re8 30. Rd2 Kh7 31. Rad1 Qxa5 32. Rd6 Qc7 33. b3 Bd4 34.
R1xd4 cxd4 35. Qxd4 Qe7 36. c5 e3 37. fxe3 Qg5 38. c6 Bc8 39. Rf6 Kg8 40. Bd3
Qxe3+ 41. Qxe3 Rxe3 42. Bc4+ Ne6 43. c7 Kg7 44. Bxe6 Rxe6 45. Rf3 Rc6 0-1

[Event "SpeedChess Final 2024"]
[Site "Paris FRA"]
[Date "2024.09.06"]
[Round "1.19"]
[White "Carlsen, Magnus"]
[Black "Niemann, Hans Moke"]
[Result "1/2-1/2"]
[WhiteTitle "GM"]
[BlackTitle "GM"]
[WhiteElo "2832"]
[BlackElo "2733"]
[WhiteFideId "1503014"]
[BlackFideId "2093596"]
[EventDate "2024.09.06"]
[EventType "k.o."]

1. e4 c5 2. c3 Nf6 3. e5 Nd5 4. Nf3 Nc6 5. d4 cxd4 6. Bc4 Nb6 7. Bb3 d5 8. exd6
Qxd6 9. O-O Be6 10. Nxd4 Nxd4 11. cxd4 Bxb3 12. axb3 e6 13. Nc3 Be7 14. Qf3 Qc6
15. d5 Nxd5 16. Nxd5 exd5 17. Rd1 O-O 18. Be3 Bf6 19. Qxd5 Qxd5 20. Rxd5 a6 21.
Rd7 Bxb2 22. Rb1 Bf6 23. Rxb7 a5 24. g3 Rfb8 25. Rxb8+ Rxb8 26. Rc1 h6 27. Rc5
Bd8 28. Rd5 Bc7 29. Rd3 Be5 30. Bd2 Rb5 31. Kf1 h5 32. Ke2 g6 33. Kd1 Kg7 34.
Kc2 Rc5+ 35. Kd1 Rb5 36. h3 Bf6 37. g4 hxg4 38. hxg4 Bg5 39. f4 Be7 40. Kc2 Bb4
41. Be3 Rb7 42. Bd4+ Kf8 43. Bf6 Be7 44. Be5 Rb4 45. Rd4 Rb5 46. Rc4 Ke8 47. Bc3
Bd6 48. Ra4 Bc7 49. Rd4 Ke7 50. Re4+ Kd7 51. Rd4+ Ke6 52. Re4+ Kd7 53. Rd4+ Ke6
54. Re4+ Kd7 1/2-1/2

[Event "SpeedChess Final 2024"]
[Site "Paris FRA"]
[Date "2024.09.06"]
[Round "1.20"]
[White "Niemann, Hans Moke"]
[Black "Carlsen, Magnus"]
[Result "1-0"]
[WhiteTitle "GM"]
[BlackTitle "GM"]
[WhiteElo "2733"]
[BlackElo "2832"]
[WhiteFideId "2093596"]
[BlackFideId "1503014"]
[EventDate "2024.09.06"]
[EventType "k.o."]

1. e4 e5 2. Nf3 Nc6 3. Bc4 Nf6 4. d3 h6 5. O-O d6 6. c3 Be7 7. a4 O-O 8. a5 Rb8
9. h3 b5 10. axb6 axb6 11. Bb5 Bd7 12. Nbd2 Ra8 13. Rb1 Re8 14. Re1 Bf8 15. Nf1
Ne7 16. Bxd7 Qxd7 17. Ng3 Ng6 18. d4 exd4 19. cxd4 c5 20. Be3 Nxe4 21. Nxe4 Rxe4
22. dxc5 bxc5 23. Bxc5 Rxe1+ 24. Nxe1 Qb5 25. Be3 d5 26. Nf3 Rc8 27. b4 Rc4 28.
Nd4 Qb7 29. b5 Bc5 30. Nf5 d4 31. Bxd4 Bxd4 32. Nxd4 Qd5 33. Nc6 Qxd1+ 34. Rxd1
Nf4 35. b6 Rxc6 36. b7 Rb6 37. Rd8+ Kh7 38. b8=Q Rxb8 39. Rxb8 g5 40. Rb7 Kg6
41. Kh2 h5 42. Rb6+ f6 43. g3 Nd3 44. Kg2 g4 45. h4 Kf5 46. Rb5+ Ne5 47. Kf1 Kg6
48. Ke2 Nf3 49. Ke3 Ne5 50. Ke4 Nf3 51. Rd5 Ne1 52. Rf5 1-0